| 000 | 01133nam a2200313 i 4500 | ||
|---|---|---|---|
| 001 | 25369 | ||
| 003 | KOSZ 005 | ||
| 005 | 20200814092600.0 | ||
| 008 | 071011s1965 pl a f 001 0 pol | ||
| 015 | _aPB 1966/1686 | ||
| 040 |
_aWA N _cKOSZ 005/RW _dKOSZ 005/RW |
||
| 041 | 1 |
_apol _heng |
|
| 080 | _a537:681 | ||
| 100 | 1 |
_aBremer, John W. _eAutor. |
|
| 245 | 1 | 0 |
_aUrządzenia nadprzewodnikowe / _cJohn W. Bremer ; [tł. z ang. i uzup. Eugeniusz Trojnar]. |
| 246 | 1 |
_iTyt. oryg.: _aSuperconductive devices. |
|
| 260 |
_aWarszawa : _bPaństwowe Wydawnictwo Naukowe, _c1965. |
||
| 300 |
_a234, [2] s., [4] k. tabl. : _bil., err. ; _c18 cm. |
||
| 380 | _aKsiążki. | ||
| 490 | 1 | _aMałe Monografie PWN. Fizyka. | |
| 504 | _aBibliogr. przy rozdz. Indeks. | ||
| 650 | 4 | _aKomputery | |
| 650 | 4 | _aNadprzewodnictwo | |
| 700 | 1 |
_aTrojnar, Eugeniusz. _eTłumaczenie |
|
| 710 | 2 |
_aPaństwowe Wydawnictwo Naukowe _4pbl. |
|
| 856 |
_uhttp://koha.tu.koszalin.pl/cgi-bin/koha/opac-detail.pl?biblionumber=25369 _yKatalog online BPK |
||
| 830 | 0 |
_aMałe Monografie PWN. _pFizyka |
|
| 942 |
_2UKD _cKS |
||
| 999 |
_c25369 _d25369 |
||